|
|
|
|
| LEADER |
01067nam a2200277 a 4500 |
| 001 |
12529854 |
| 008 |
110224s2002 maua 001 0 eng d |
| 010 |
|
|
|a 2001095769
|
| 020 |
|
|
|a 0072471840 (alk. paper)
|
| 040 |
|
|
|a DLC
|c DLC
|d DLC
|a BD-DhAAL
|
| 082 |
0 |
0 |
|a 006.6/869
|2 21
|
| 100 |
1 |
|
|a Laudon, Kenneth C.,
|d 1944-
|
| 245 |
1 |
0 |
|a Interactive computing series.
|p Microsoft PowerPoint 2002 /
|c Kenneth C. Laudon, Kenneth Rosenblatt, David Langley.
|
| 246 |
3 |
0 |
|a Microsoft PowerPoint 2002
|
| 250 |
|
|
|a Introductory ed.
|
| 260 |
|
|
|a Boston :
|b McGraw-Hill/Irwin,
|c c2002.
|
| 300 |
|
|
|a 1 v. (various pagings) :
|b col. ill. ;
|c 28 cm.
|
| 500 |
|
|
|a Includes index.
|
| 541 |
|
|
|e 00015611
|
| 650 |
|
0 |
|a Presentation graphics software.
|
| 630 |
0 |
0 |
|a Microsoft PowerPoint (Computer file)
|
| 700 |
1 |
|
|a Rosenblatt, Kenneth.
|
| 700 |
1 |
|
|a Langley, David.
|
| 852 |
4 |
|
|a Ayesha Abed Library
|j General shelf
|
| 999 |
|
|
|c 10550
|d 10550
|
| 952 |
|
|
|0 0
|1 0
|2 ddc
|4 0
|6 006_686900000000000_LAU
|7 0
|9 14707
|a BRACUL
|b BRACUL
|c GEN
|d 2011-03-16
|l 0
|o 006.6869 LAU
|p 3010015611
|r 2011-03-16
|t 1
|w 2011-03-16
|y BK
|